Wayland atlas of threatened cultures

Bibliographic Details
Format: Book
Published: East Sussex : Wayland , 1996
Subjects:

MARC

LEADER 00000cam a2200000 7i4500
001 0000059176
005 20020805.0
020 |a 0750215194 
090 0 0 |a 305.800223   |b WAY 
245 0 0 |a Wayland atlas of threatened cultures 
260 |a East Sussex :   |b Wayland ,   |c 1996 
300 |a 96p. :   |b ill. ;   |c 30cm. 
650 0 0 |a Indigenous peoples   |x Maps   |x Juvenile literature 
650 0 0 |a Indigenous peoples   |x Social life and customs   |x Juvenile literature 
999 |a 086181   |b BUKU   |c JUNIOR REFERENCE   |e PERPUSTAKAAN KOMUNITI PETALING JAYA